00541nam a2200133Ia 4500008004100000100002300041245013900064260001600203300001200219650001600231856006800247999001900315952007300334160712s9999 xx 000 0 und d aDy-Liacco, Rafael. cRafael Dy-LiaccoaComets, Cults, and Coins: A material-theoretic framework for the archaeoastronomical study of the Book of Revelation c2012bHukay avol. 17 xARCHAEOLOGY uhttp://journals.upd.edu.ph/index.php/asp/issue/view/422/showToc c297388d297388 001040aCLbCLd2016-07-12l0r2016-07-12 00:00:00w2016-07-12yFEJ